000 00338nam a2200133Ia 4500
008 240624s9999 xx 000 0 und d
041 _aeng
082 _a338.479 MUK
100 _aMUKHOPADHYAY SIPRA
245 _aTOURISM ECONOMICS
260 _c2008
_aNew Delhi
_bAne Books India
300 _axvi, : 276 : p. : cm. ; 22
365 _cRS
_b30
999 _c8611
_d8611